| 000 | 00619nam a22001937a 4500 | ||
|---|---|---|---|
| 082 |
_a510.0052 _bWIL _cL-10, P-53 |
||
| 100 |
_aWilkes, Maurice V. _938951 |
||
| 245 | _aThe Preparation of Programs for an Electronic Digital Computer | ||
| 250 | _a2nd | ||
| 260 |
_aUSA _bAddison-Welsey-Publishig Company, Inc. _c1957 |
||
| 300 | _axiv, p-238 | ||
| 526 |
_a0 _b0 _c0 _d510_005200000000000_WIL |
||
| 526 |
_a0 _b0 _c0 _d510_005200000000000_WIL |
||
| 526 |
_a0 _b0 _c0 _d510_005200000000000_WIL |
||
| 526 |
_a0 _b0 _c0 _d510_005200000000000_WIL |
||
| 650 |
_aMCE _9379 |
||
| 700 |
_aMaurice V. Wilkes _938952 |
||
| 942 |
_2ddc _cBK |
||
| 999 |
_c543556 _d543556 |
||